| 000 | 00622nam a22002057a 4500 | ||
|---|---|---|---|
| 003 | dela salle | ||
| 005 | 20150911105856.0 | ||
| 008 | 130130t xxu||||| |||| 00| 0 eng d | ||
| 020 | _a9710866818 | ||
| 050 |
_aPE 1478 _b.M266 2007 |
||
| 082 |
_aFIL 808.066 .M266 2007 _b.M266 2007 |
||
| 100 | _aManalo, Paterna E. | ||
| 245 |
_aTechnical and report writing / _cManalo, Paterna Estoque, Fermin, Virginia Elona. |
||
| 260 |
_aMandaluyong City : _bNational Book Store, _c2007. |
||
| 300 |
_a205 pages : _c26 cm. _billustrations ; |
||
| 526 | _c1210L-1700L | ||
| 562 | _e2 | ||
| 942 |
_2lcc _cBK _kFIL |
||
| 999 |
_c17451 _d17451 |
||